1753 1965 1919 1933 1480 1698 1941 1885 1221 1475 1650 1621 1328 1670 1974 1244 1881 1523 1094 1575 1053 1060 1507 1231 1248 1883 1978 1610 1000 1195 1716 1700 1650 1394 1678 1319 1241 1725 1324 1476 1662 1470 1863 1946 1360 1837 1581 1671 1759 1976 1034 1166 1673 1024 1847 1570 1861 1148 1120 1586 1234 1556 1960 1045 1292 1153 1315 1602 1210 1986 1127 1565 1596 1711 1807 1197 1720 1856 1982 1396 1923 1600 1870 1226 1829 1136 1768 1944 1415 1080 1951 1262 1031 1349 1018 1286 1296 1177 1087 BCNSPRNW ULIB Ver.6.0+V

เปลี่ยนเป็นภาษาไทย

Change to English
 แสดงรายละเอียดบรรณานุกรม
  กลับหน้าหลัก

Brief Record : Get Marc (ISO 2709) : E-mail record : QR code < ปิดหน้าต่าง
LEADER : 00000nam 2200000uu 4500
001    13399124467
003     ULIB
008    150727s2557||||th 000 0 tha d
020    ^a9745863998
060  4 ^aQT4^bส356 ล.2
110 1  ^aมหาวิทยาลัยมหิดล.^bคณะวิทยาศาสตร์.^bภาควิชาสรีรวิทยา
245 00 ^aสรีรวิทยา 2 ฉบับปรับปรุงครั้งที่ 5/^cโดย คณาจารย์ภาควิชาสรีรวิทยา คณะวิทยาศาสตร์ มหาวิทยาลัยมหิดล
250    ^aฉบับปรับปรุง ครั้งที่ 5
260    ^aกรุงเทพฯ :^bภาควิชาสรีรวิทยา คณะวิทยาศาสตร์ มหาวิทยาลัยมหิดล,^c2557.
300    ^a257 หน้า :^bภาพประกอบ ;^c30 ซม.
650  7 ^aสรีรวิทยา
700 0  ^aบัวรอง ลิ่วเฉลิมวงศ์ บรรณาธิการ
945    ^p440^l0^i23000
945    ^p440^l0^i23001
945    ^p440^l0^i23002
945    ^p440^l0^i23003
945    ^p440^l0^i23004
945    ^p440^l0^i23005
945    ^p440^l0^i23006
945    ^p440^l0^i23007
999    ^aทศพร เกษรทอง
รายการนี้ยังไม่มีแท็ก
คุณยังไม่ได้ล็อกอิน คุณสามารถมีกิจกรรมร่วมกับเว็บไซต์ได้ แต่ต้องล็อกอินก่อน ::
  ล็อกอิน

รายการสื่อสารสนเทศ

ลำดับที่ ประเภท เลขเรียก/บาร์โค้ด สถานที่ สถานะ
1. วิทยาศาสตร์การแพทย์ และสุขภาพ
วิทยาศาสตร์การแพทย์ และสุขภาพ
สถานะ=หนังสือเก่า
QT4 ส356 ล.2 ฉ.1 
  Barcode: 23000
ห้องสมุดวิทยาเขตนครสวรรค์
►ส่วนจัดเก็บหนังสือเก่า นว.
บนชั้น
  ขอยืม
2. วิทยาศาสตร์การแพทย์ และสุขภาพ
วิทยาศาสตร์การแพทย์ และสุขภาพ
สถานะ=หนังสือเก่า
QT4 ส356 ล.2 ฉ.2 
  Barcode: 23001
ห้องสมุดวิทยาเขตนครสวรรค์
►ส่วนจัดเก็บหนังสือเก่า นว.
บนชั้น
  ขอยืม
3. วิทยาศาสตร์การแพทย์ และสุขภาพ
วิทยาศาสตร์การแพทย์ และสุขภาพ
สถานะ=หนังสือเก่า
QT4 ส356 ล.2 ฉ.3 
  Barcode: 23002
ห้องสมุดวิทยาเขตนครสวรรค์
►ส่วนจัดเก็บหนังสือเก่า นว.
บนชั้น
  ขอยืม
4. วิทยาศาสตร์การแพทย์ และสุขภาพ
วิทยาศาสตร์การแพทย์ และสุขภาพ
สถานะ=หนังสือเก่า
QT4 ส356 ล.2 ฉ.4 
  Barcode: 23003
ห้องสมุดวิทยาเขตนครสวรรค์
►ส่วนจัดเก็บหนังสือเก่า นว.
บนชั้น
  ขอยืม
5. วิทยาศาสตร์การแพทย์ และสุขภาพ
วิทยาศาสตร์การแพทย์ และสุขภาพ
สถานะ=หนังสือเก่า
QT4 ส356 ล.2 ฉ.5 
  Barcode: 23004
ห้องสมุดวิทยาเขตนครสวรรค์
►ส่วนจัดเก็บหนังสือเก่า นว.
บนชั้น
  ขอยืม
6. วิทยาศาสตร์การแพทย์ และสุขภาพ
วิทยาศาสตร์การแพทย์ และสุขภาพ
สถานะ=หนังสือเก่า
QT4 ส356 ล.2 ฉ.6 
  Barcode: 23005
ห้องสมุดวิทยาเขตนครสวรรค์
►ส่วนจัดเก็บหนังสือเก่า นว.
บนชั้น
  ขอยืม
7. วิทยาศาสตร์การแพทย์ และสุขภาพ
วิทยาศาสตร์การแพทย์ และสุขภาพ
สถานะ=หนังสือเก่า
QT4 ส356 ล.2 ฉ.7 
  Barcode: 23006
ห้องสมุดวิทยาเขตนครสวรรค์
►ส่วนจัดเก็บหนังสือเก่า นว.
บนชั้น
  ขอยืม
8. วิทยาศาสตร์การแพทย์ และสุขภาพ
วิทยาศาสตร์การแพทย์ และสุขภาพ
สถานะ=หนังสือเก่า
QT4 ส356 ล.2 ฉ.8 
  Barcode: 23007
ห้องสมุดวิทยาเขตนครสวรรค์
►ส่วนจัดเก็บหนังสือเก่า นว.
บนชั้น
  ขอยืม

รายการใกล้เคียง
    หัวเรื่อง [สรีรวิทยา]

BibComment


ยังไม่เคยถูกคอมเมนท์

คอมเมนท์ทรัพยากรรายการนี้
  คอมเมนท์: สรีรวิทยา 2 ฉบับ..


 Copyright 2026. Bcnsprnw @Library